Мобильный маркетинг: пер. с нем.

Detaylı Bibliyografya
Yazar: Холланд Г. Генри
Diğer Yazarlar: Баммель К. Кристин
Özet:Мобильный телефон сегодня — это не только удобное средство связи, но и источник полезной информации. Широкое и повсеместное распространение технологий для мобильных устройств повлекло за собой развитие нового направления маркетинга. И в нашей стране, и за рубежом мобильный маркетинг набирает обороты, а мобильный телефон рассматривается как идеальное средство прямых коммуникаций с потребителем. Как использовать мобильный телефон для продвижения товаров и услуг? Что такое мобильный бизнес и мобильная коммерция? Какие маркетинговые задачи можно успешно решать благодаря технологиям для мобильных устройств? Каковы преимущества мобильного маркетинга по сравнению с остальными средствами взаимодействия с потребителями? В книге представлены основные тенденции развития этого перспективного направления, особенности технической базы, правила проведения мобильных акций и кампаний и факторы успеха и эффективности. Это первое в России издание, посвященное мобильному маркетингу. Оно представляет интерес не только для маркетологов телекоммуникационных компаний, но и для всех сотрудников маркетинговых отделов, заинтересованных в продвижении товаров и услуг с помощью инструментов мобильного маркетинга.
Dil:Rusça
Baskı/Yayın Bilgisi: Москва, Вершина, 2006
Konular:
Materyal Türü: Kitap
KOHA link:https://koha.lib.tpu.ru/cgi-bin/koha/opac-detail.pl?biblionumber=135033

MARC

LEADER 00000nam0a2200000 4500
001 135033
005 20231031135928.0
010 |a 596260251X 
035 |a (RuTPU)RU\TPU\book\146355 
090 |a 135033 
100 |a 20080407d2006 km y0rusy50 ca 
101 1 |a rus  |c ger 
102 |a RU 
105 |a a z 001zy 
200 1 |a Мобильный маркетинг  |e пер. с нем.  |f Г. Холланд, К. Баммель 
210 |a Москва  |c Вершина  |d 2006 
215 |a 208 с.  |c ил. 
320 |a Библиогр.: с. 193-204. 
330 |a Мобильный телефон сегодня — это не только удобное средство связи, но и источник полезной информации. Широкое и повсеместное распространение технологий для мобильных устройств повлекло за собой развитие нового направления маркетинга. И в нашей стране, и за рубежом мобильный маркетинг набирает обороты, а мобильный телефон рассматривается как идеальное средство прямых коммуникаций с потребителем. Как использовать мобильный телефон для продвижения товаров и услуг? Что такое мобильный бизнес и мобильная коммерция? Какие маркетинговые задачи можно успешно решать благодаря технологиям для мобильных устройств? Каковы преимущества мобильного маркетинга по сравнению с остальными средствами взаимодействия с потребителями? В книге представлены основные тенденции развития этого перспективного направления, особенности технической базы, правила проведения мобильных акций и кампаний и факторы успеха и эффективности. Это первое в России издание, посвященное мобильному маркетингу. Оно представляет интерес не только для маркетологов телекоммуникационных компаний, но и для всех сотрудников маркетинговых отделов, заинтересованных в продвижении товаров и услуг с помощью инструментов мобильного маркетинга. 
610 1 |a экономика 
610 1 |a маркетинг 
610 1 |a мобильный маркетинг 
610 1 |a мобильные технологии 
610 1 |a мобильный бизнес 
610 1 |a маркетинг-микс 
610 1 |a формы 
610 1 |a виды 
610 1 |a цели 
686 |a У821.4.  |v LBC/SL-A  |2 rubbk 
700 1 |a Холланд  |b Г.  |g Генри 
701 1 |a Баммель  |b К.  |g Кристин 
801 1 |a RU  |b 63413507  |c 20080407  |g PSBO 
801 2 |a RU  |b 63413507  |c 20080410  |g PSBO 
942 |c BK